Lesbian images /
Đã lưu trong:
| Tác giả chính: | |
|---|---|
| Định dạng: | Sách |
| Ngôn ngữ: | Tiếng Anh |
| Được phát hành: |
New York: The Crossing Press,
1975
|
| Loạt: | The Crossing press feminist series
|
| Các nhãn: |
Không có thẻ, Là người đầu tiên thẻ bản ghi này!
|
MARC
| LEADER | 00000nam a22000007i 4500 | ||
|---|---|---|---|
| 001 | IT\ICCU\UBO\4165551 | ||
| 003 | ItRI | ||
| 005 | 20260115231825.0 | ||
| 008 | 160112s1975 xxu|||||| ||||| |||||c | ||
| 020 | |a 0895940906 | ||
| 040 | |b ita |c importazione bologna sebina | ||
| 041 | 7 | |a eng |2 ISO-639-2 | |
| 100 | 1 | |a Rule, Jane |0 IT\ICCU\BVEV\041111 | |
| 245 | 1 | 0 | |a Lesbian images / |c Jane Rule. |
| 260 | |a New York: The Crossing Press, |c 1975 | ||
| 300 | |a 246 p. ; |c 22 cm | ||
| 830 | 4 | |a The Crossing press feminist series |0 IT\ICCU\UBO\1630381 | |
| 942 | |2 ddc |c BK |n 0 | ||
| 952 | |0 0 |1 0 |4 0 |6 L_820_935000000000000_RUL |7 0 |9 13601 |a BO |b BO |d 2026-01-15 |i 17987 |l 0 |o L 820.935 RUL |p BO17987 |r 2026-01-15 23:18:25 |w 2026-01-15 |x [Sebina 5] [1 v.] |y BK |z 1 v, | ||
| 999 | |c 11697 |d 11697 | ||